Inquietum Est Cor Nostrum

محفوظ في:
التفاصيل البيبلوغرافية
المؤلف الرئيسي: Augusto Guerriero
التنسيق: كتاب
اللغة:لغة غير معروفة
منشور في: Arnoldo Mondtatori
الوسوم: إضافة وسم
لا توجد وسوم, كن أول من يضع وسما على هذه التسجيلة!

MARC

LEADER 00000nam a2200000Ia 4500
001 R-1017
003 CODICE-MESSINA
005 20260212102500.0
008 260211s9999 xx 000 0 und d
040 |c importazione_messina 
100 |a Augusto Guerriero 
245 0 |a Inquietum Est Cor Nostrum 
260 |b Arnoldo Mondtatori 
942 |2 ddc  |c BK 
952 |0 0  |1 0  |2 ddc  |4 0  |6 SCAFFALE_10_000000000000000__ROMANZI  |7 0  |9 31846  |a ME  |b ME  |d 2026-02-11  |l 0  |o SCAFFALE 10 - ROMANZI  |p R-1017  |r 2026-02-11 23:52:48  |w 2026-02-11  |x [REVISIONARE]  |y BK 
999 |c 27511  |d 27511